Регионална библиотека "Любен Каравелов" - Русе

Ръководство за изследване на детето (Запис номер 33232)

MARC детайли
000 -Лидер
Контролно поле с фиксирана дължина 02287nam a2200421 c 4500
003 - Код на организацията, давaща контролен номер
Контролно поле BLK
005 - Дата и час на последна редакция
Контролно поле 20250328175444.0
008 - Елементи от данни с фиксирана дължина
fixed length control field 180408b bul|||||r ||||||| ||bul||
010 ## - Наследен системен номер
LC control number KNG00035920000
020 ## - Международен стандартен номер на книга ISBN
Международен стандартен номер на книга ISBN 954-8510-94-5
-- издат.: Веда Словена-ЖГ - на том(ч. 1)(грешен)
020 ## - Международен стандартен номер на книга ISBN
Международен стандартен номер на книга ISBN 954-8510-54-5
-- издат.: Веда Словена-ЖГ - на том(ч. 1)(попр.)
040 ## - Източник на каталожния запис
Идентификатор на билиотеката - собственик на записа BLK
041 ## - Код за език
Код за езика на текст/звукозапис или на отделно заглавие Български
Код за езика КДБФ Български
080 ## - УДК
Текстов определител УДК Психология на детската възраст. Интелектуално развитие на децата. Психически особености. Детски представи, описани в разкази
УДК код - определител по УДК 159.922.7
УДК определител .07
УДК - код + определител 159.922.7.07
080 ## - УДК
Текстов определител УДК Педагогическа психология
УДК код - определител по УДК 37.015.3
УДК определител
УДК - код + определител 37.015.3
100 1# - Редна дума - Автор
Автор Александрова, Наталия
Авторска отговорност първи автор
R(LIN) 272844
139 ## - Редно поле
Редна дума Ръководство за изследване на детето
Авторски знак Ръ - Р 97
245 10 - Сведения за заглавието
Заглавие Ръководство за изследване на детето
Подзаглавни данни Ч. 1 -
Редно поле (дума) Наталия Александрова; ред. Борис Минчев.
Том Ч. 1
257 ## - Страна на издаване
Страна на създаване/издаване България
260 ## - Област на издателските данни
-- София
Година на издаване 2000 -
Печатница София : Скала
300 ## - Физическа характеристика
Размери/Мащаб 26 см
380 ## - Жанр
Жанр Философия
500 ## - Общи забележки
Забележка Други авт. : В. Банова, Ив. Башовски, В. Ванева и др. - Офс. изд. - Съдържа и За авторите на ръководството.
650 #4 - Допълнително описание по предмет – тема
Основно описание – тема или топоним Детска и педагогическа психология
9 (RLIN) 244538
650 #4 - Допълнително описание по предмет – тема
Основно описание – тема или топоним Психотехника
9 (RLIN) 168425
653 ## - Ключова дума – ненормативна
Ключова дума детска психология
653 ## - Ключова дума – ненормативна
Ключова дума изследвания
653 ## - Ключова дума – ненормативна
Ключова дума психотехника
653 ## - Ключова дума – ненормативна
Ключова дума педагогическа психология
700 1# - Други автори (авторска отговорност)
Лично име Минчев, Борис
Автороска отговорност (Описва отношението между автора и произведението) ред.
9 (RLIN) 366935
760 1# - Описание на основната серия
-- - на том(ч. 1)(грешен)
Редна дума на основното описание Александрова, Наталия
Място на издаване, издател и година Веда Словена-ЖГ, 2000
Страници - том 403 с. : с табл., ил., сх.
Забележка - том Библиогр. след отд. теми.
Заглавие Ч. 1
852 ## - Местоположение
Форматна сигнатура Цб 208033
856 4# - Електронен адрес и достъп
Електронен формат pdf - файл
Път до файла /url/
856 4# - Електронен адрес и достъп
Електронен формат pdf - файл
Път до файла /url/
942 ## - АРТИКУЛИ
Вид на библиотечния материал Книги
Скрит в OPAC Не
Koha issues (borrowed), all copies 21
944 ## - СЪЗДАВАНЕ И РЕДАКЦИЯ на ЗАПИСА
Създаване/Редакция Създаване
Дата на регистрацията/редакция 21.05.2003
Служител, извършил регистрацията/редакцията 30563
Статус, дата на статуса Ивелин Русев
944 ## - СЪЗДАВАНЕ И РЕДАКЦИЯ на ЗАПИСА
Създаване/Редакция Редакция
Дата на регистрацията/редакция 30.10.2007
Служител, извършил регистрацията/редакцията
999 ## - СИСТЕМНИ КОНТРОЛНИ НОМЕРА
Koha biblionumber 33232
Koha biblioitemnumber 33232
Наличности
Код за отписване Код за изгубен артикул Източник на класификационната схема Код за повреда Коз за рестрикции Код за отдаване Артикулен № Име на библиотеката - собственик Име на библиотеката, в която се намира в момента Статус (Текущо местоположение) Дата на вписване в системата Местоположение - отдел Цена в лева Инвентарен номер Систематично азбучна сигнатура Баркод Номер на екземпляра Цена в евро Служебна бележка Служебен тип на артикула
  Не е изгубен Universal Decimal Classification Не е повреден без рестрикции ползва се в читалня 53100 Регионална библиотека "Любен Каравелов" Русе Регионална библиотека "Любен Каравелов" Русе Хранилище 2001-01-01 Хранилище 0.00 664342 Цб 208033 120000664342 1 0.00 Дост: Dp Вид: Д N: 12 Дата: 01.01.2001 Книги
  Не е изгубен Universal Decimal Classification Не е повреден без рестрикции ползва се в читалня 53101 Регионална библиотека "Любен Каравелов" Русе Регионална библиотека "Любен Каравелов" Русе Читалня 2001-01-01 Читалня 12.75 665993 Ч 159.9/Р 97 120000665993 2 6.52 Дост: Pk Вид: Ф N: стар фонд Дата: 01.01.2001 Дата инв: 21.03.2017 Бележки инв: Ч2017 Книги
  Не е изгубен   Не е повреден без рестрикции заемане за дома 53102 Регионална библиотека "Любен Каравелов" Русе Регионална библиотека "Любен Каравелов" Русе Заемна - подръчен фонд 2007-10-25 Заемна - подръчен фонд 30.00 120000718902 П 159.92/Р 97 120000718902 3 15.34 Дост: Pk Вид: Ф N: 9800 Дата: 24.10.2007 Дата инв: 01.02.2018 Бележки инв: П2018 Книги
Vip Innovations Ltd, Rousse, Bulgaria 2025